Soldatenstadt Elbing

Titel: Soldatenstadt Elbing : aus d. Geschichte d. Garnison 1934 - 1939 / Rudolf Pillukat
Verfasser:
Veröffentlicht: Münster/Westf. : Truso-Verl., [1986]
Umfang: 159 S. : Ill., 1 Kt.
Format: Buch
Sprache: Deutsch
Schriftenreihe/
mehrbändiges Werk:
Elbinger Hefte ; 38
Schlagworte:
ISBN: 3883780170
Buchumschlag
X
Lokale Klassifikation: 6 8 E 1 ; 6 14 B
alg: 595459
001A    $06000:11-03-88 
001B    $01999:28-04-23 $t18:35:16.000 
001C    $06060:10-03-15 $t18:01:00.000 
001D    $09999:99-99-99 
001U    $0utf8 
001X    $00 
002@    $0Aaxc 
003@    $0005954592 
003O    $019699270 $aOCoLC 
004A    $03-88378-017-0 
006G    $0880266848 
006U    $088,B11,0214 
007A    $0880266848 $aDNB 
007T    $0Herd22008 
010@    $ager 
011@    $a1986 $n[1986] 
015@    $0Z 
019@    $ade 
021A    $a@Soldatenstadt Elbing $daus d. Geschichte d. Garnison 1934 - 1939 $hRudolf Pillukat 
028A    $7 $8Pillukat, Rudolf [Tnd] $914611342X 
033A    $pMünster/Westf. $nTruso-Verl. 
034D    $a159 S. 
034M    $aIll., 1 Kt. 
036E    $aElbinger Hefte $l38 
036F    $x238 $8Elbinger Hefte $9001706489 $l38 
044K    $RElbing $#Elbing $#Elbing Elbląg $71028071-6 $8Elbląg [Tg1] $9042042631 
045E    $a21 
045F    $a355.00943832 $eDDC23BSB 
045F/01 $a355.009 
045F/03 $g43832 
045F/03 $g4382 

lok: 595459 24
101B    $003-12-02 $t12:21:07.436 
101C    $025-03-97 
145Z/01 $a6 8 E 1 
145Z/02 $a6 14 B 
101U    $0utf8 

exp: 595459 24 1 #EPN
201B/01 $009-12-02 $t17:07:23.782 
201C/01 $025-03-97 
203@/01 $0111630320 
208@/01 $a25-03-97 $br 
209A/01 $a6 VIII E 205 $du $f050 $h6 8 E 205 $x00 
209C/01 $aK 87.4775 $h87 4775 K 
209G/01 $a70196921 $x00 
247C/01 $8358050-7 Marburg, Bibliothek des Herder-Instituts Marburg $9102600961 
201U/01 $0utf8 

lok: 595459 78

exp: 595459 78 1 #EPN
201B/01 $020-12-17 $t22:58:42.000 
201U/01 $0utf8 
203@/01 $0791786277 
208@/01 $a12-11-16 $be 
209A/01 $a/ $f000 $x00 
220C/01 $aTitelaufnehmer: kl 
237A/01 $aweiterführende Signatur(en): Herder-Institut: 6 VIII E 205 
244Z/01 $2Trx $#Prusy Wschodnie i Zachodnie $8--Trx--Ost- und Westpreußen $x01 $939113373X 
244Z/01 $#Elbing $#Elbing Elbląg $71028071-6 $8--Tg1--Elbląg $x02 $9042042631 
244Z/01 $aGeschichte 1934-1939 $x03 
244Z/01 $2Trx $#kaitsejõud, Saksa $#Vokietijos ginkluotosios pajėgos $#Armed forces, German $#fegyveres erök, német $#siły zbrojne, niemieckie $#armáda nemecká $#armáda německá $8--Trx--Streitkräfte, deutsche $x04 $9391362267 
244Z/01 $2Trx $#garnisonid $#įgulos $#Garrison $#helyörségek $#garnizony $#posádky $#posádky $8--Trx--Garnisonen $x05 $9391381350 
244Z/01 $2Trx $8--Trx--Monographie $x06 $9391384546 
245Z/01 $a13.03 $x01 
245Z/01 $a07.06 $x02 
247C/01 $82080>Marburg/Lahn, Herder-Institut, Forschungsbibliothek, Bibliographieportal $9336309341
LEADER 00000cam a22000002c 4500
001 005954592
003 DE-603
005 20230428183516.0
007 tu
008 880311s1986 xx |||| | u00||u|ger
015 |a 88,B11,0214  |2 dnb 
016 7 |2 DE-101  |a 880266848 
020 |a 3883780170 
035 |a (DE-599)DNB880266848 
035 |a (OCoLC)19699270 
040 |a DE-603  |b ger  |c DE-603  |d DE-603 
041 |a ger 
082 0 4 |8 1\u  |a 355.00943832  |q DE-101  |2 23/BSB 
084 |a 21  |q DE-101  |2 sdnb 
085 |8 1\u  |b 355.009 
085 |8 1\u  |z 2  |s 43832 
085 |8 1\u  |z 2  |s 4382 
100 1 |a Pillukat, Rudolf  |0 (DE-603)14611342X 
245 0 0 |a Soldatenstadt Elbing  |b aus d. Geschichte d. Garnison 1934 - 1939  |c Rudolf Pillukat 
264 1 |a Münster/Westf.  |b Truso-Verl.  |c [1986] 
300 |a 159 S.  |b Ill., 1 Kt. 
490 1 |a Elbinger Hefte  |v 38 
651 7 |a Elbląg  |0 (DE-588)1028071-6  |0 (DE-603)042042631  |2 gnd 
830 0 |t Elbinger Hefte  |v 38  |w (DE-603)001706489  |w (DE-600)539678-5  |9 238  |7 as 
924 0 |9 Mb 50  |a (DE-603)111630320  |b DE-Mb50  |c HES  |d c  |g 6 VIII E 205 
924 0 |9 2080  |a (DE-603)791786277  |b DE-2080  |c HES  |d d  |g /